Nommez une Ville Hôte des Jeux Olympiques de A à Z - Statistiques

Statistiques générales
  • Ce quiz a été pris 199 fois
  • Le résultat moyen est 11 sur 15
Statistiques - réponses
Lettres Villes hôtes des Jeux Olympiques (d'Été ou d'Hiver) entre 1896 et 2026 % Correct
P Paris | Pékin | Pyeongchang
97%
A Albertville | Amsterdam | Anvers | Athènes | Atlanta
95%
B Barcelone | Berlin
92%
S Saint-Louis | Saint-Moritz | Salt Lake City | Sapporo | Sarajevo | Séoul | Sotchi | Squaw Valley | Stockholm | Sydney
89%
L Lake Placid | Lillehammer | Londres | Los Angeles
86%
M Melbourne | Mexico | Milan | Montréal | Moscou | Munich
85%
R Rio de Janeiro | Rome
78%
T Tokyo | Turin
78%
V Vancouver
65%
H Helsinki
63%
O Oslo
60%
G Garmisch-Partenkirchen | Grenoble
53%
C Calgary | Chamonix-Mont-Blanc | Cortina d'Ampezzo
51%
I Innsbruck
39%
N Nagano
28%
Aucun quiz correspondant
Distribution des résultats
% des personnes avec chaque résultat
Percentile par nombre de réponses
Votre historique - résultats
Vous n’avez pas pris ce quiz